000
00293nam a22001217a 4500
008
181005b xxu||||| |||| 00| 0 eng d
041
_a
eng
080
_2
3 ED
_a
612.39
100
_a
10
101
_a
NUT
245
_a
Advanced Nutrition And Human Metabolism
_c
Grof.J.L
942
_2
udc
_c
BK
999
_c
48895
_d
48895